Vestník NBS

Guardado en:
Detalles Bibliográficos
Formato: Seriadas
Lenguaje:eslovaco
Publicado: Bratislava Národná banka Slovenska
Materias:
Etiquetas: Agregar Etiqueta
Sin Etiquetas, Sea el primero en etiquetar este registro!

MARC

LEADER 00000nas1a2200000 4500
001 s122553
005 20250721101325.5
022 |a 1335-3365 
041 0 |a slo 
044 |a SK 
245 1 0 |a Vestník NBS 
264 1 |a Bratislava  |b Národná banka Slovenska 
610 2 0 |a vestníky 
610 2 0 |a NBS Bratislava 
610 2 0 |a vyhlášky